[Event "Ruhrgebiet Verbandsliga Gruppe 2 1819"]
[Site "Nordrheinwestfalen"]
[Date "2019.01.20"]
[Round "5.2"]
[White "Lenz, Guntram"]
[Black "Callenberg, Ralf"]
[Result "1/2-1/2"]
[WhiteElo "1858"]
[BlackElo "1996"]
[PlyCount "100"]
[EventDate "2018.09.23"]
[EventType "team-tourn"]
[EventRounds "9"]
[EventCountry "GER"]
[SourceTitle "EXT 2022"]
[Source "ChessBase"]
[SourceDate "2021.10.06"]
[SourceVersion "1"]
[SourceVersionDate "2021.10.06"]
[SourceQuality "1"]
[WhiteTeam "Boenen SV"]
[BlackTeam "Recklinghausen Sued"]
[WhiteTeamCountry "GER"]
[BlackTeamCountry "GER"]

1. d4 Nf6 2. c4 g6 3. f3 d5 4. cxd5 Nxd5 5. e4 Nf6 6. Nc3 Bg7 7. Be3 0-0 8. Bc4 Nc6 9. Nge2 Nd7 10. Bb5 Nb6 11. Rc1 Na5 12. b3 e5 13. 0-0 c6 14. Ba4 exd4 15. Bxd4 Bh6 16. f4 Qe7 17. e5 Rd8 18. Ne4 Nd5 19. Bc5 Qh4 20. g3 Qh3 21. Nf6+ Kh8 22. Nxd5 Rxd5 23. Qe1 Bg4 24. b4 b5 25. bxa5 bxa4 26. Bd6 Rc8 27. Rd1 Rb5 28. Rf2 Rb2 29. Rd2 Rb5 30. Rc2 Bf5 31. Rc1 Rb2 32. Qc3 Rb7 33. Nd4 Be4 34. Nf3 Bxf3 35. Qxf3 Qe6 36. Rxc6 Rb5 37. Rfc2 Re8 38. Qc3 Rb1+ 39. Rc1 Qxa2 40. Rc8 Rxc1+ 41. Qxc1 Qe6 42. Rxe8+ Qxe8 43. Qc5 Qd7 44. Qd5 g5 45. Qa8+ Kg7 46. Qf8+ Kg6 47. Qg8+ Bg7 48. fxg5 Qg4 49. Qb8 Qd1+ 50. Kg2 Qe2+ 1/2-1/2

[Event "Ruhrgebiet Verbandsliga Gruppe 2 1819"]
[Site "Nordrheinwestfalen"]
[Date "2018.10.07"]
[Round "2.1"]
[White "Lenz, Guntram"]
[Black "Stemmler, Fabian"]
[Result "0-1"]
[WhiteElo "1937"]
[BlackElo "2079"]
[PlyCount "86"]
[EventDate "2018.09.23"]
[EventType "team-tourn"]
[EventRounds "9"]
[EventCountry "GER"]
[SourceTitle "EXT 2022"]
[Source "ChessBase"]
[SourceDate "2021.10.06"]
[SourceVersion "1"]
[SourceVersionDate "2021.10.06"]
[SourceQuality "1"]
[WhiteTeam "Boenen SV"]
[BlackTeam "Brackel SF III"]
[WhiteTeamCountry "GER"]
[BlackTeamCountry "GER"]

1. d4 Nf6 2. c4 e6 3. Nf3 d5 4. Nc3 Be7 5. cxd5 exd5 6. Bg5 c6 7. Qc2 Nbd7 8. e3 h6 9. Bh4 Nh5 10. Bxe7 Qxe7 11. Be2 Nhf6 12. Bd3 Nb6 13. h3 Be6 14. Ne5 Nfd7 15. f4 Nxe5 16. fxe5 Qh4+ 17. Qf2 Qxf2+ 18. Kxf2 0-0 19. Rhf1 f6 20. exf6 Rxf6+ 21. Ke2 Raf8 22. Rxf6 Rxf6 23. Rf1 Rxf1 24. Kxf1 Kf7 25. Ke2 Kf6 26. b3 Bf5 27. e4 dxe4 28. Nxe4+ Bxe4 29. Bxe4 Ke6 30. Kd3 Nc8 31. Bf3 Nd6 32. Bg4+ Kf6 33. Bd7 h5 34. g4 Ke7 35. Bf5 Nxf5 36. gxf5 Kf6 37. Ke3 Kg5 38. h4+ Kxh4 39. Kf4 b6 40. b4 b5 41. a4 a6 42. a5 Kh3 43. Kg5 h4 0-1

[Event "Porto Mannu op 10th"]
[Site "Porto Mannu"]
[Date "2018.06.09"]
[Round "9"]
[White "Bentivegna, Francesco"]
[Black "Lenz, Guntram"]
[Result "1-0"]
[WhiteElo "2247"]
[BlackElo "2040"]
[PlyCount "123"]
[EventDate "2018.06.02"]
[EventType "swiss"]
[EventRounds "9"]
[EventCountry "ITA"]
[SourceTitle "CBM 184 Extra"]
[Source "ChessBase"]
[SourceDate "2018.06.28"]
[SourceVersion "1"]
[SourceVersionDate "2018.06.28"]
[SourceQuality "1"]

1. e4 e6 2. d4 d5 3. e5 c5 4. Nf3 cxd4 5. Bd3 Nc6 6. 0-0 Bd7 7. a3 Nge7 8. Bf4 Ng6 9. Bg3 Be7 10. Nbd2 0-0 11. Nb3 f6 12. exf6 Bxf6 13. Re1 b6 14. h4 Bxh4 15. Bxg6 Bxg3 16. Bxh7+ Kxh7 17. fxg3 Qf6 18. Nbxd4 Nxd4 19. Qxd4 Qxd4+ 20. Nxd4 Rf6 21. Re2 Kg6 22. Rae1 Kf7 23. Nf3 Ke7 24. g4 Re8 25. g5 Rf4 26. Kf2 Rg4 27. Rh1 Rf8 28. Ke1 Bb5 29. Rd2 Re4+ 30. Kf2 Rg4 31. Ke1 Re4+ 32. Kd1 Kd6 33. Rh7 Rf7 34. b3 Kc7 35. Rf2 Kd6 36. Kd2 Rg4 37. a4 Ba6 38. Rh8 Rxg5 39. Rd8+ Kc7 40. Re8 Kd6 41. Rxe6+ Kd7 42. Re1 Kd6 43. a5 Rgf5 44. axb6 axb6 45. Kc1 g5 46. Rd2 g4 47. Nd4 Rf2 48. Re6+ Kc7 49. Re7+ Rxe7 50. Rxf2 Re1+ 51. Kd2 Rf1 52. Rxf1 Bxf1 53. g3 Ba6 54. Ke3 Kd6 55. Kf4 Bc8 56. b4 Bd7 57. c3 Bc8 58. Nc2 Bd7 59. Ne3 b5 60. Nxg4 d4 61. cxd4 Kd5 62. Nf6+ 1-0

[Event "GER Seniors Derby 16th"]
[Site "Wesel Undeloh"]
[Date "2017.03.18"]
[Round "5"]
[White "Holtmeier, Bernd"]
[Black "Lenz, Guntram"]
[Result "1/2-1/2"]
[WhiteElo "1582"]
[BlackElo "2027"]
[PlyCount "85"]
[EventDate "2017.03.16"]
[EventType "swiss"]
[EventRounds "7"]
[EventCountry "GER"]
[SourceTitle "EXT 2019"]
[Source "ChessBase"]
[SourceDate "2018.10.10"]
[SourceVersion "1"]
[SourceVersionDate "2018.10.10"]
[SourceQuality "1"]

1. b3 Nf6 2. Bb2 c5 3. c4 Nc6 4. Nc3 d6 5. e4 e5 6. d3 Be7 7. g3 Nd4 8. Bg2 Be6 9. Nge2 Qd7 10. Nxd4 cxd4 11. Nd5 g6 12. Nxe7 Qxe7 13. 0-0 Nh5 14. f4 Ng7 15. Rf2 Qd7 16. Qf1 0-0 17. Rc1 b6 18. Ba3 Rfc8 19. f5 gxf5 20. exf5 Nxf5 21. Bxa8 Ne3 22. Qe1 Rxa8 23. Rb1 Qc6 24. Bc1 Bc8 25. Bxe3 Bb7 26. Kf1 dxe3 27. Qxe3 Qh1+ 28. Ke2 Qxb1 29. Qg5+ Kf8 30. Rxf7+ Kxf7 31. Qh5+ Ke6 32. Qg4+ Ke7 33. Qg7+ Kd8 34. Qf6+ Kc7 35. Qf7+ Kb8 36. Qf8+ Bc8 37. Qxd6+ Kb7 38. Qd5+ Ka6 39. Qb5+ Kb7 40. Qd5+ Kc7 41. Qxe5+ Kd7 42. Qd5+ Kc7 43. Qe5+ 1/2-1/2

[Event "GER Seniors Derby 16th"]
[Site "Wesel Undeloh"]
[Date "2017.03.17"]
[Round "4"]
[White "Lenz, Guntram"]
[Black "Kuhle, Ingo"]
[Result "1-0"]
[WhiteElo "2027"]
[BlackElo "1536"]
[PlyCount "63"]
[EventDate "2017.03.16"]
[EventType "swiss"]
[EventRounds "7"]
[EventCountry "GER"]
[SourceTitle "EXT 2019"]
[Source "ChessBase"]
[SourceDate "2018.10.10"]
[SourceVersion "1"]
[SourceVersionDate "2018.10.10"]
[SourceQuality "1"]

1. d4 f5 2. Nc3 e6 3. e4 Nf6 4. Bd3 fxe4 5. Nxe4 Be7 6. Nxf6+ Bxf6 7. Nf3 Nc6 8. c3 b6 9. Bf4 Bb7 10. Ne5 Nxe5 11. dxe5 Be7 12. Qh5+ Kf8 13. 0-0-0 Qe8 14. Qg4 h5 15. Qe2 g5 16. Be3 h4 17. f4 Qh5 18. Qc2 Kg7 19. Be2 Qg6 20. Rxd7 Qxc2+ 21. Kxc2 Kf8 22. Bf3 Bxf3 23. gxf3 gxf4 24. Bxf4 Rg8 25. Rxc7 Rg2+ 26. Kb3 Rf2 27. Rg1 Rxf3 28. Bh6+ Ke8 29. Rg8+ Bf8 30. Rh7 a5 31. Rxf8+ Rxf8 32. Bxf8 1-0

[Event "GER Seniors Derby 16th"]
[Site "Wesel Undeloh"]
[Date "2017.03.16"]
[Round "2"]
[White "Lenz, Guntram"]
[Black "Eschholz, Enno"]
[Result "0-1"]
[WhiteElo "2027"]
[BlackElo "2189"]
[PlyCount "60"]
[EventDate "2017.03.16"]
[EventType "swiss"]
[EventRounds "7"]
[EventCountry "GER"]
[SourceTitle "EXT 2019"]
[Source "ChessBase"]
[SourceDate "2018.10.10"]
[SourceVersion "1"]
[SourceVersionDate "2018.10.10"]
[SourceQuality "1"]

1. d4 Nf6 2. c4 Nc6 3. Nf3 e6 4. a3 d5 5. Nc3 a6 6. cxd5 exd5 7. Bg5 Be7 8. e3 Nb8 9. Bd3 Nbd7 10. 0-0 c5 11. Rc1 c4 12. Bb1 b5 13. e4 dxe4 14. Nxe4 Bb7 15. Nxf6+ Nxf6 16. Bxf6 Bxf6 17. Re1+ Kf8 18. Ne5 g6 19. Qg4 Kg7 20. Rc3 Re8 21. Qf4 Bd5 22. h4 Bxh4 23. Rh3 Bg5 24. Qh2 h5 25. f4 Bf6 26. f5 Bb7 27. Qf4 Qd5 28. Re2 Rad8 29. fxg6 Qxd4+ 30. Qxd4 Rxd4 0-1

[Event "Ruhrgebiet Verbandsklasse Gruppe 2 1617"]
[Site "Germany"]
[Date "2017.02.19"]
[Round "7.2"]
[White "Khasin, Abram Iosifovich"]
[Black "Lenz, Guntram"]
[Result "1-0"]
[WhiteElo "2064"]
[BlackElo "1920"]
[PlyCount "65"]
[EventDate "2016.09.04"]
[EventType "team-tourn"]
[EventRounds "9"]
[EventCountry "GER"]
[SourceTitle "EXT 2022"]
[Source "ChessBase"]
[SourceDate "2021.10.06"]
[SourceVersion "1"]
[SourceVersionDate "2021.10.06"]
[SourceQuality "1"]
[WhiteTeam "Ruettenscheid Rochade"]
[BlackTeam "Boenen SV"]
[WhiteTeamCountry "GER"]
[BlackTeamCountry "GER"]

1. d4 f5 2. Nf3 e6 3. g3 Nf6 4. Bg2 d5 5. 0-0 Bd6 6. c4 c6 7. b3 Qe7 8. Bb2 0-0 9. Nbd2 Ne4 10. Ne5 Nd7 11. Nxe4 fxe4 12. Rc1 a5 13. a4 Nxe5 14. dxe5 Bb4 15. f4 exf3 16. exf3 b6 17. cxd5 cxd5 18. Bd4 Ba6 19. Rf2 Bc5 20. Rfc2 Rfc8 21. f4 Ra7 22. Bxc5 Rxc5 23. Rxc5 bxc5 24. f5 Rd7 25. fxe6 Qxe6 26. Rxc5 d4 27. Rc6 Qxe5 28. Rxa6 Qe3+ 29. Kh1 h6 30. Qf3 Qe1+ 31. Bf1 Rd8 32. Kg2 Rf8 33. Bc4+ 1-0

[Event "Ruhrgebiet Verbandsklasse Gruppe 2 1617"]
[Site "Germany"]
[Date "2016.10.30"]
[Round "3.2"]
[White "Lenz, Guntram"]
[Black "Herud, Martin"]
[Result "0-1"]
[WhiteElo "1920"]
[BlackElo "2032"]
[PlyCount "74"]
[EventDate "2016.09.04"]
[EventType "team-tourn"]
[EventRounds "9"]
[EventCountry "GER"]
[SourceTitle "EXT 2022"]
[Source "ChessBase"]
[SourceDate "2021.10.06"]
[SourceVersion "1"]
[SourceVersionDate "2021.10.06"]
[SourceQuality "1"]
[WhiteTeam "Boenen SV"]
[BlackTeam "Recklinghausen Sued"]
[WhiteTeamCountry "GER"]
[BlackTeamCountry "GER"]

1. d4 d5 2. c4 Nc6 3. Nc3 dxc4 4. Nf3 Bg4 5. d5 Bxf3 6. gxf3 Ne5 7. Bf4 Ng6 8. Bg3 Qd7 9. h4 e6 10. dxe6 Qxd1+ 11. Rxd1 fxe6 12. Bh3 e5 13. Nb5 Bb4+ 14. Kf1 Ba5 15. e3 a6 16. Nc3 Nf6 17. h5 Nf8 18. Bxe5 N8d7 19. Bxd7+ Nxd7 20. Bxg7 Rg8 21. h6 Bxc3 22. bxc3 Nc5 23. Rd4 b5 24. Rh5 Nd3 25. Re4+ Kd7 26. Rf5 Kc6 27. Rf7 Kb6 28. Ree7 c5 29. f4 b4 30. f5 Rab8 31. cxb4 cxb4 32. Re6+ Ka5 33. Bd4 c3 34. Rc7 Rgc8 35. Ra7 c2 36. Rexa6+ Kb5 37. Ra5+ Kc4 0-1

[Event "Ruhrgebiet Verbandsklasse Gruppe 2 1516"]
[Site "Germany"]
[Date "2016.01.24"]
[Round "6.3"]
[White "Brueggestrass, Volker"]
[Black "Lenz, Guntram"]
[Result "0-1"]
[WhiteElo "2040"]
[BlackElo "1938"]
[PlyCount "82"]
[EventDate "2015.09.06"]
[EventType "team-tourn"]
[EventRounds "9"]
[EventCountry "GER"]
[SourceTitle "EXT 2022"]
[Source "ChessBase"]
[SourceDate "2021.10.06"]
[SourceVersion "1"]
[SourceVersionDate "2021.10.06"]
[SourceQuality "1"]
[WhiteTeam "Gerthe Werne"]
[BlackTeam "Boenen SV"]
[WhiteTeamCountry "GER"]
[BlackTeamCountry "GER"]

1. e4 e6 2. d4 d5 3. Nc3 Bb4 4. e5 b6 5. Qg4 Bf8 6. f4 Qd7 7. Nf3 Ne7 8. Bd2 Ba6 9. Bxa6 Nxa6 10. 0-0 Nf5 11. Qh3 c5 12. dxc5 Bxc5+ 13. Kh1 g6 14. a3 h5 15. Nh4 Nxh4 16. Qxh4 Be7 17. Qg3 Nc5 18. Qf3 Rc8 19. Rfd1 Na4 20. Nxa4 Qxa4 21. c3 Qb3 22. Rab1 Rc4 23. Be3 a5 24. Bd4 a4 25. Rd2 Bxa3 26. h3 Be7 27. Qd3 Kd7 28. Kg1 Rhc8 29. g4 hxg4 30. hxg4 Bc5 31. Bxc5 R8xc5 32. Rf2 Re4 33. Rbf1 Qc4 34. Qh3 Rc7 35. Rf3 Kc6 36. Qh8 Kb7 37. Qe8 Qc5+ 38. Kh1 Qe7 39. Qh8 Rc8 40. Qg7 Qh4+ 41. Kg2 Rh8 0-1

[Event "Ruhrgebiet Verbandsklasse Gruppe 3 1415"]
[Site "Germany"]
[Date "2015.04.26"]
[Round "9.4"]
[White "Hillebrand, Carsten"]
[Black "Lenz, Guntram"]
[Result "1/2-1/2"]
[WhiteElo "1858"]
[BlackElo "1912"]
[PlyCount "91"]
[EventDate "2014.09.21"]
[EventType "team-tourn"]
[EventRounds "9"]
[EventCountry "GER"]
[SourceTitle "EXT 2022"]
[Source "ChessBase"]
[SourceDate "2021.10.06"]
[SourceVersion "1"]
[SourceVersionDate "2021.10.06"]
[SourceQuality "1"]
[WhiteTeam "Dortmund FS"]
[BlackTeam "Boenen SV"]
[WhiteTeamCountry "GER"]
[BlackTeamCountry "GER"]

1. c4 e5 2. g3 Nf6 3. Bg2 d5 4. cxd5 Nxd5 5. Nc3 Nb6 6. Nf3 Nc6 7. a3 Be7 8. b4 Be6 9. d3 0-0 10. 0-0 f6 11. Bb2 a5 12. b5 Nd4 13. Nxd4 exd4 14. Na4 Bd5 15. Nxb6 cxb6 16. Qa4 Bxg2 17. Kxg2 Qd5+ 18. Kg1 Bc5 19. Rac1 Rfe8 20. Qc4 Rad8 21. Rfe1 Kf8 22. Qxd5 Rxd5 23. Kf1 f5 24. Rc4 g5 25. Bc1 g4 26. a4 h5 27. Bd2 Rde5 28. Rc2 Kf7 29. Bf4 R5e6 30. Bd2 Re5 31. Bf4 R5e6 32. Rec1 R8e7 33. Bg5 Re8 34. Bf4 R8e7 35. Ra1 Bb4 36. Raa2 Bc5 37. Rc4 Kg6 38. Rac2 Re8 39. Bc1 R8e7 40. Bb2 Rd7 41. Kg2 Kf7 42. Bc1 Rde7 43. Kf1 Kg6 44. Bb2 Rd6 45. Bc1 Rde6 46. Bb2 1/2-1/2

[Event "Ruhrgebiet Verbandsklasse Gruppe 3 1415"]
[Site "Germany"]
[Date "2015.03.29"]
[Round "8.4"]
[White "Lenz, Guntram"]
[Black "Fischoeder, Heiko"]
[Result "0-1"]
[WhiteElo "1908"]
[BlackElo "1958"]
[PlyCount "98"]
[EventDate "2014.09.21"]
[EventType "team-tourn"]
[EventRounds "9"]
[EventCountry "GER"]
[SourceTitle "EXT 2022"]
[Source "ChessBase"]
[SourceDate "2021.10.06"]
[SourceVersion "1"]
[SourceVersionDate "2021.10.06"]
[SourceQuality "1"]
[WhiteTeam "Boenen SV"]
[BlackTeam "Wanne-Eickel SV Unser Fritz"]
[WhiteTeamCountry "GER"]
[BlackTeamCountry "GER"]

1. d4 Nf6 2. c4 e6 3. Nc3 Bb4 4. e3 0-0 5. Nge2 b6 6. a3 Be7 7. d5 Ba6 8. Ng3 exd5 9. cxd5 Bxf1 10. Nxf1 Qc8 11. Qf3 Qa6 12. Ng3 d6 13. Nf5 Re8 14. Qg3 g6 15. Nxe7+ Rxe7 16. Qf4 Nbd7 17. Qd4 Ne5 18. f4 Ned7 19. b4 Rae8 20. h3 Ne4 21. Ne2 f6 22. Ra2 b5 23. Rc2 Nb6 24. 0-0 Nc4 25. Nc3 Qb6 26. Qxb6 Nxb6 27. Nxb5 a6 28. Nc3 Nxc3 29. Rxc3 Nxd5 30. Rc6 Nxe3 31. Bxe3 Rxe3 32. Rxa6 Rc3 33. Rf2 Re1+ 34. Kh2 h5 35. b5 h4 36. a4 Rcc1 37. g4 Rh1+ 38. Kg2 Rcg1+ 39. Kf3 Rxh3+ 40. Ke4 Rc3 41. g5 f5+ 42. Kd4 Rgg3 43. Rd2 h3 44. Ra8+ Kg7 45. Rd8 h2 46. Rd7+ Kg8 47. Rd8+ Kf7 48. Rd7+ Ke8 49. Rh7 Rh3 0-1

[Event "Ruhrgebiet Verbandsklasse Gruppe 3 1415"]
[Site "Germany"]
[Date "2015.03.01"]
[Round "7.3"]
[White "Lenz, Guntram"]
[Black "Olf, Hans Helmut"]
[Result "1/2-1/2"]
[WhiteElo "1908"]
[BlackElo "1977"]
[PlyCount "36"]
[EventDate "2014.09.21"]
[EventType "team-tourn"]
[EventRounds "9"]
[EventCountry "GER"]
[SourceTitle "EXT 2022"]
[Source "ChessBase"]
[SourceDate "2021.10.06"]
[SourceVersion "1"]
[SourceVersionDate "2021.10.06"]
[SourceQuality "1"]
[WhiteTeam "Boenen SV"]
[BlackTeam "Welper SV II"]
[WhiteTeamCountry "GER"]
[BlackTeamCountry "GER"]

1. d4 Nf6 2. c4 g6 3. Nc3 Bg7 4. e4 d6 5. Nf3 0-0 6. h3 e5 7. d5 Nbd7 8. Bg5 h6 9. Be3 Nc5 10. Qc2 a5 11. g4 Ne8 12. Rg1 Bd7 13. b3 c6 14. Rd1 Qb6 15. Na4 Qb4+ 16. Bd2 Qa3 17. Bc1 Qb4+ 18. Bd2 Qa3 1/2-1/2

[Event "Ruhrgebiet Verbandsklasse Gruppe 3 1415"]
[Site "Germany"]
[Date "2014.12.14"]
[Round "4.4"]
[White "Lenz, Guntram"]
[Black "Sondermann, Dirk"]
[Result "1-0"]
[WhiteElo "1908"]
[BlackElo "1871"]
[PlyCount "67"]
[EventDate "2014.09.21"]
[EventType "team-tourn"]
[EventRounds "9"]
[EventCountry "GER"]
[SourceTitle "EXT 2022"]
[Source "ChessBase"]
[SourceDate "2021.10.06"]
[SourceVersion "1"]
[SourceVersionDate "2021.10.06"]
[SourceQuality "1"]
[WhiteTeam "Boenen SV"]
[BlackTeam "Annen Sport Union"]
[WhiteTeamCountry "GER"]
[BlackTeamCountry "GER"]

1. d4 Nf6 2. c4 c5 3. d5 e6 4. Nc3 exd5 5. cxd5 d6 6. e4 g6 7. h3 Bg7 8. Nf3 0-0 9. Bd3 a6 10. a4 Re8 11. 0-0 Nbd7 12. Re1 Qe7 13. Bf4 Nh5 14. Bg5 Bf6 15. Be3 Ne5 16. Nxe5 Bxe5 17. Qd2 Qf6 18. Bg5 Bf4 19. Bxf4 Nxf4 20. Ne2 Nxd3 21. Qxd3 Bd7 22. Nc3 b5 23. axb5 axb5 24. Rxa8 Rxa8 25. e5 dxe5 26. Ne4 Qf5 27. Qe3 c4 28. g4 Qf4 29. Qxf4 exf4 30. Nf6+ Kg7 31. Nxd7 Ra2 32. g5 h6 33. h4 Rxb2 34. Nf6 1-0

[Event "Ruhrgebiet Verbandsklasse Gruppe 3 1415"]
[Site "Germany"]
[Date "2014.09.21"]
[Round "1.4"]
[White "Lenz, Guntram"]
[Black "Skor, Werner"]
[Result "1-0"]
[WhiteElo "1913"]
[BlackElo "1706"]
[PlyCount "167"]
[EventDate "2014.09.21"]
[EventType "team-tourn"]
[EventRounds "9"]
[EventCountry "GER"]
[SourceTitle "EXT 2022"]
[Source "ChessBase"]
[SourceDate "2021.10.06"]
[SourceVersion "1"]
[SourceVersionDate "2021.10.06"]
[SourceQuality "1"]
[WhiteTeam "Boenen SV"]
[BlackTeam "Holsterhausen SK II"]
[WhiteTeamCountry "GER"]
[BlackTeamCountry "GER"]

1. d4 Nf6 2. c4 g6 3. Nc3 Bg7 4. e4 d6 5. Nf3 0-0 6. h3 Nbd7 7. Bg5 c6 8. Be2 h6 9. Be3 e5 10. 0-0 Qe7 11. Nd2 a6 12. d5 cxd5 13. cxd5 b5 14. a3 Rb8 15. b4 Nb6 16. Rc1 Qb7 17. Nb3 Qe7 18. Na5 Bd7 19. Nc6 Bxc6 20. dxc6 Qc7 21. Nd5 Nfxd5 22. exd5 Nc8 23. a4 f5 24. f3 Ne7 25. Qd2 f4 26. Bf2 Nf5 27. Bd3 bxa4 28. Bxa6 Rb6 29. Bd3 Ne3 30. Bxg6 Rfb8 31. Rb1 Rb5 32. Bxe3 fxe3 33. Qxe3 Rxb4 34. Rxb4 Rxb4 35. Be4 Rb3 36. Qf2 a3 37. Qa2 Qb6+ 38. Kh2 Qe3 39. Rb1 Rxb1 40. Qxb1 Qf4+ 41. Kg1 Qe3+ 42. Kh1 Qc5 43. Kh2 Qe3 44. c7 Qf4+ 45. Kh1 Qf8 46. Qb8 a2 47. Qxf8+ Bxf8 48. c8Q a1Q+ 49. Kh2 Qa7 50. Qe6+ Qf7 51. Qxf7+ Kxf7 52. Kg3 Kf6 53. Kg4 Bg7 54. Kh5 Bf8 55. g4 Bg7 56. h4 Bf8 57. g5+ hxg5 58. hxg5+ Kg7 59. Kg4 Kf7 60. Kf5 Bg7 61. Bd3 Bf8 62. Bb5 Bg7 63. Bd7 Bf8 64. Be6+ Kg7 65. Bd7 Kf7 66. Bb5 Bg7 67. Bf1 Bf8 68. Bh3 Bg7 69. Bg4 Ke7 70. Kg6 Kf8 71. Kh7 Kf7 72. Bh5+ Kf8 73. Bg6 e4 74. Bxe4 Kf7 75. f4 Bd4 76. Bg6+ Kf8 77. f5 Bf6 78. Kh6 Be5 79. Bh5 Kg8 80. f6 Kf8 81. Kg6 Bd4 82. Bg4 Be5 83. Be6 Bd4 84. Kf5 1-0

[Event "Ruhrgebiet VK2 1213"]
[Site "Nordrheinwestfalen"]
[Date "2013.02.03"]
[Round "6.1"]
[White "Spiess, Timo"]
[Black "Lenz, Guntram"]
[Result "1-0"]
[WhiteElo "2079"]
[BlackElo "1805"]
[PlyCount "74"]
[EventDate "2012.09.02"]
[EventType "team-tourn"]
[EventRounds "9"]
[EventCountry "GER"]
[SourceTitle "EXT 2020"]
[Source "ChessBase"]
[SourceDate "2019.10.17"]
[SourceVersion "1"]
[SourceVersionDate "2019.10.17"]
[SourceQuality "1"]
[WhiteTeam "Bochum Uni"]
[BlackTeam "Boenen SV"]
[WhiteTeamCountry "GER"]
[BlackTeamCountry "GER"]

1. e4 c5 2. Nf3 Nc6 3. Bb5 e6 4. Bxc6 bxc6 5. d3 d5 6. Qe2 Nf6 7. Bg5 Be7 8. e5 Nd7 9. Bxe7 Qxe7 10. c4 0-0 11. 0-0 f6 12. Re1 f5 13. Nc3 d4 14. Na4 Nb6 15. Qc2 Rd8 16. Rab1 Rb8 17. a3 a5 18. Nxb6 Rxb6 19. Qa4 Ra6 20. Nd2 Qa7 21. Qc2 Rb6 22. f4 Rd7 23. b4 axb4 24. axb4 Rxb4 25. Rxb4 cxb4 26. Nb3 c5 27. Ra1 Qb6 28. Ra8 Rc7 29. Qa2 Kf7 30. Ra5 Kg6 31. Rb5 Qa7 32. Qxa7 Rxa7 33. Nxc5 Ra1+ 34. Kf2 Rb1 35. Rb8 Rb2+ 36. Kg3 b3 37. Rxc8 h5 1-0

[Event "Ruhrgebiet VK2 1213"]
[Site "Nordrheinwestfalen"]
[Date "2012.12.02"]
[Round "4.1"]
[White "Mueller Clostermann, Bruno"]
[Black "Lenz, Guntram"]
[Result "1-0"]
[WhiteElo "2055"]
[BlackElo "1805"]
[PlyCount "67"]
[EventDate "2012.09.02"]
[EventType "team-tourn"]
[EventRounds "9"]
[EventCountry "GER"]
[SourceTitle "EXT 2020"]
[Source "ChessBase"]
[SourceDate "2019.10.17"]
[SourceVersion "1"]
[SourceVersionDate "2019.10.17"]
[SourceQuality "1"]
[WhiteTeam "Katernberg SF III"]
[BlackTeam "Boenen SV"]
[WhiteTeamCountry "GER"]
[BlackTeamCountry "GER"]

1. d4 Nf6 2. Nf3 d5 3. c4 c6 4. Qc2 g6 5. Bf4 Bf5 6. Qb3 Qb6 7. c5 Qxb3 8. axb3 Na6 9. Nc3 Nb4 10. Ra4 Nc2+ 11. Kd2 Bg7 12. e3 Nh5 13. Bd3 Nxd4 14. Nxd4 Bxd3 15. Kxd3 e5 16. Bxe5 Bxe5 17. b4 Kd7 18. b5 Rhc8 19. bxc6+ bxc6 20. Rha1 Rc7 21. b4 Ng7 22. Ra6 Ne6 23. Na4 Rb8 24. Rb1 Nxd4 25. exd4 Bf6 26. b5 Rxb5 27. Rxb5 cxb5 28. Rxf6 bxa4 29. Rxf7+ Kc6 30. Rxc7+ Kxc7 31. f4 a5 32. Kc3 Kc6 33. g4 Kd7 34. Kb2 1-0

[Event "Ruhrgebiet VK3 0910"]
[Site "Ruhrgebiet"]
[Date "2010.02.07"]
[Round "6.1"]
[White "Lenz, Guntram"]
[Black "Schniederjan, Thomas"]
[Result "0-1"]
[WhiteElo "2047"]
[BlackElo "1997"]
[PlyCount "136"]
[EventDate "2009.09.06"]
[EventType "team"]
[EventRounds "9"]
[EventCountry "GER"]
[SourceTitle "EXT 2011"]
[Source "ChessBase"]
[SourceDate "2010.11.26"]
[SourceVersion "1"]
[SourceVersionDate "2010.11.26"]
[SourceQuality "1"]
[WhiteTeam "Boenen SV"]
[BlackTeam "Haltern"]
[WhiteTeamCountry "GER"]
[BlackTeamCountry "GER"]

1. Nf3 Nf6 2. g3 c5 3. Bg2 Nc6 4. 0-0 g6 5. d3 Bg7 6. e4 d6 7. Nc3 0-0 8. a4 Nd4 9. Nxd4 cxd4 10. Ne2 Nd7 11. c3 dxc3 12. Nxc3 Rb8 13. d4 b6 14. Be3 a6 15. Qd2 Re8 16. b4 Bb7 17. f4 e6 18. Rac1 Nf6 19. Qd3 d5 20. e5 Nd7 21. Rf2 Rc8 22. Bf1 Bf8 23. Na2 Rxc1 24. Bxc1 Qb8 25. Rc2 Rc8 26. Bd2 Rc7 27. Rxc7 Qxc7 28. Qb3 Be7 29. Bd3 Nb8 30. Kf2 Nc6 31. Qc3 Qd8 32. Ke3 a5 33. bxa5 Nxd4 34. Kf2 Bc5 35. Kg2 Nf5 36. Qc2 d4+ 37. Be4 d3 38. Qc4 Be3 39. Bxb7 Bxd2 40. Qc8 Qxc8 41. Bxc8 bxa5 42. Ba6 Nd4 43. Bxd3 Kf8 44. Kf2 Ke7 45. Bb5 h6 46. h4 f6 47. exf6+ Kxf6 48. Be8 g5 49. hxg5+ hxg5 50. fxg5+ Kxg5 51. Bb5 e5 52. Bd3 Kf6 53. Be4 Ke6 54. g4 Kf6 55. Kg3 Kg5 56. Bb7 Be1+ 57. Kh3 Ne2 58. Bf3 Nf4+ 59. Kh2 Bd2 60. Kg3 Ne6 61. Bb7 Nc5 62. Bc6 e4 63. Be8 Nd3 64. Bb5 Be1+ 65. Kh3 Kf4 66. Ba6 Bd2 67. Kh4 Nb4 68. Nxb4 axb4 0-1

[Event "Ruhrgebiet VK3 0910"]
[Site "Ruhrgebiet"]
[Date "2009.12.06"]
[Round "4.1"]
[White "Lenz, Guntram"]
[Black "Leveikina, Jevgenija"]
[Result "1/2-1/2"]
[WhiteElo "2047"]
[BlackElo "2042"]
[PlyCount "41"]
[EventDate "2009.09.06"]
[EventType "team"]
[EventRounds "9"]
[EventCountry "GER"]
[SourceTitle "EXT 2011"]
[Source "ChessBase"]
[SourceDate "2010.11.26"]
[SourceVersion "1"]
[SourceVersionDate "2010.11.26"]
[SourceQuality "1"]
[WhiteTeam "Boenen SV"]
[BlackTeam "Herne Sodingen II"]
[WhiteTeamCountry "GER"]
[BlackTeamCountry "GER"]

1. d4 c6 2. Nf3 d5 3. e3 Nf6 4. Bd3 Bg4 5. Nbd2 e6 6. c3 Nbd7 7. Qb3 Qc7 8. 0-0 Bd6 9. c4 0-0 10. c5 Be7 11. Qc3 a5 12. b3 Bh5 13. a3 b5 14. Bb2 Rfe8 15. Qc2 Bg6 16. Bxg6 hxg6 17. h3 a4 18. b4 Rac8 19. Rae1 Rcd8 20. Bc3 Rc8 21. Bb2 1/2-1/2